[Event "SWYM"]
[Site "Witley ENG"]
[Date "2001.07.13"]
[Round "1"]
[White "Mah,K"]
[Black "Bick,J"]
[Result "1-0"]
[WhiteElo "2404"]
[BlackElo "2286"]
[EventDate "2001.07.13"]

1. c4 e5 2. g3 Nf6 3. Bg2 Nc6 4. Nf3 Bc5 5. Nc3 a6 6. O-O d6 7. e3 Bg4 8.
h3 Bh5 9. g4 Bg6 10. d4 Ba7 11. dxe5 dxe5 12. Qxd8+ Rxd8 13. b3 O-O 14. Ba3
Rfe8 15. g5 Ne4 16. Nd5 Rd7 17. Rfd1 Red8 18. h4 f5 19. gxf6 gxf6 20. Nd2
Nc3 21. Nxc3 Rxd2 22. Bd5+ R2xd5 23. Rxd5 Re8 24. Kh2 e4 25. Rad1 Bf7 26.
Rf5 Ne5 27. Rg1+ Kh8 28. Rxf6 Bg6 29. Nd5 Bb8 30. Kh1 Bh5 31. Rg5 Bf3+ 32.
Rxf3 exf3 33. Bb2 c6 34. Nf4 h6 35. Bxe5+ 1-0

[Event "SWYM"]
[Site "Witley ENG"]
[Date "2001.07.13"]
[Round "1"]
[White "Hinks Edwards,T"]
[Black "Antal,Ge"]
[Result "1/2-1/2"]
[WhiteElo "2316"]
[BlackElo "2398"]
[EventDate "2001.07.13"]

1. e4 c5 2. Nc3 e6 3. Nf3 d6 4. d4 cxd4 5. Nxd4 Nf6 6. g4 h6 7. h4 Nc6 8.
Rg1 a6 9. g5 hxg5 10. hxg5 Nxd4 11. Qxd4 Nd7 12. Be3 Qa5 13. f4 b5 14. g6
f6 15. e5 dxe5 16. fxe5 b4 17. Ne4 Qxe5 18. O-O-O Qxd4 19. Rxd4 Bb7 20. Bg2
Bd5 21. Bf4 Ne5 22. Nxf6+ gxf6 23. Bxd5 exd5 24. g7 Bxg7 25. Rxg7 Rh1+ 26.
Rd1 Rxd1+ 27. Kxd1 O-O-O 28. Re7 1/2-1/2

[Event "SWYM"]
[Site "Witley ENG"]
[Date "2001.07.13"]
[Round "1"]
[White "Ippolito,D"]
[Black "Vigus,J"]
[Result "0-1"]
[WhiteElo "2394"]
[BlackElo "2281"]
[EventDate "2001.07.13"]

1. d4 d5 2. c4 c6 3. Nc3 Nf6 4. e3 a6 5. Qc2 e6 6. Nf3 c5 7. dxc5 Bxc5 8.
b3 dxc4 9. Bxc4 Nbd7 10. Bb2 b5 11. Be2 Bb7 12. Rd1 Rc8 13. Qd3 O-O 14. O-O
Qb6 15. Qb1 Rfd8 16. Kh1 Qa5 17. Nd4 Bb4 18. Ncxb5 axb5 19. Nxb5 Qa8 20. f3
Nd5 21. Rd4 Be7 22. Rfd1 e5 23. Ra4 Qb8 24. Re4 f5 25. Rc4 Nxe3 26. Rxc8
Bxc8 27. Rd3 Nxg2 28. Kxg2 Qxb5 29. Re3 Qb6 30. Bc4+ Kh8 31. Re2 Qg6+ 32.
Kf1 Qh5 33. Qd3 Nf6 34. Qe3 Rd1+ 35. Re1 Qh3+ 36. Ke2 Rxe1+ 37. Kxe1 Bb4+
38. Kd1 f4 39. Qb6 Qxf3+ 40. Kc1 Qe3+ 41. Qxe3 fxe3 0-1

[Event "SWYM"]
[Site "Witley ENG"]
[Date "2001.07.13"]
[Round "1"]
[White "Hanley,C"]
[Black "Middelburg,T"]
[Result "1/2-1/2"]
[WhiteElo "2278"]
[BlackElo "2373"]
[EventDate "2001.07.13"]

1. c4 Nf6 2. g3 c6 3. Nf3 d5 4. b3 Bg4 5. Bb2 Nbd7 6. Bg2 e6 7. O-O Bd6 8.
d3 O-O 9. Nbd2 Qe7 10. h3 Bh5 11. Rc1 Ba3 12. Qc2 Rfe8 13. Rfd1 a6 14. g4
Bg6 15. Nh4 Nf8 16. Ndf3 N6d7 17. Bxa3 Qxa3 18. cxd5 exd5 19. Nd4 Qe7 20.
Nxg6 Nxg6 21. e4 Qf6 22. Nf5 d4 23. Qd2 Ndf8 24. f4 Qd8 25. Rf1 Ne6 26. Ng3
Nh4 27. f5 Qg5 28. Qf2 Nc7 29. Rc4 Rad8 30. Ne2 h5 31. Qf4 Qxf4 32. Rxf4
Nd5 33. exd5 Nxg2 34. Kxg2 Rxe2+ 35. Kf1 Rxa2 36. dxc6 bxc6 37. Rfxd4 Rb8
38. Rb4 Rxb4 39. Rxb4 Rh2 40. g5 Rxh3 41. g6 fxg6 42. fxg6 Kf8 43. Rf4+ Ke8
44. Rf7 Rxd3 45. Rxg7 Kf8 46. Ra7 Rg3 47. Rxa6 Rxg6 48. Ra5 Rh6 49. b4 Ke7
50. b5 c5 51. b6 1/2-1/2

[Event "SWYM"]
[Site "Witley ENG"]
[Date "2001.07.13"]
[Round "1"]
[White "Williams,S"]
[Black "Erwich,M"]
[Result "1-0"]
[WhiteElo "2369"]
[BlackElo "2263"]
[EventDate "2001.07.13"]

1. c4 e5 2. Nc3 Nf6 3. Nf3 Nc6 4. e4 Bc5 5. Nxe5 Nxe5 6. d4 Nxe4 7. Nxe4
Bb4+ 8. Nc3 Ng6 9. Be2 O-O 10. O-O Bxc3 11. bxc3 d6 12. f4 f5 13. Bf3 Rb8
14. Qa4 a6 15. Rb1 b6 16. Re1 a5 17. Bd2 Bd7 18. Qa3 Qf6 19. c5 dxc5 20.
dxc5 Kh8 21. cxb6 cxb6 22. Be3 Rfe8 23. Bd4 Qf7 24. Qd6 Rxe1+ 25. Rxe1 Re8
26. Rxe8+ Qxe8 27. Kf2 b5 28. Bd5 Qe7 29. Qb8+ Qe8 30. Qc7 a4 31. g3 Nf8
32. Bc6 Qf7 33. Bxd7 Nxd7 34. Qd8+ Nf8 35. Bc5 Kg8 36. a3 Qa2+ 37. Kf3 Qf7
38. c4 bxc4 39. Qxf8+ Qxf8 40. Bxf8 Kxf8 41. Ke3 Ke7 42. Kd4 c3 43. Kxc3
Kd6 44. Kb4 Kd5 45. Kxa4 Kc4 46. Ka5 Kc5 47. a4 h6 48. h3 g5 49. h4 gxh4
50. gxh4 h5 51. Ka6 1-0

[Event "SWYM"]
[Site "Witley ENG"]
[Date "2001.07.13"]
[Round "1"]
[White "Broomfield,M"]
[Black "Zhao Zong Yuan"]
[Result "0-1"]
[WhiteElo "2271"]
[BlackElo "2390"]
[EventDate "2001.07.13"]

1. d4 Nf6 2. Nf3 g6 3. c4 Bg7 4. Nc3 d5 5. Bg5 Ne4 6. Bf4 Nxc3 7. bxc3 c5
8. cxd5 cxd4 9. cxd4 Qxd5 10. e3 O-O 11. Be2 Nc6 12. O-O Bf5 13. Qa4 Qa5
14. Qxa5 Nxa5 15. Ne5 Rfc8 16. Rfc1 Be6 17. h4 f6 18. Nd3 Bc4 19. Bg4 f5
20. Be2 Ba6 21. Kf1 Bf6 22. g3 Kf7 23. Nc5 Bxe2+ 24. Kxe2 Rc6 25. Nb3 Nc4
26. Nc5 Rxc5 27. dxc5 Bxa1 28. Rxc4 Rc8 29. Rc1 Bg7 30. e4 fxe4 31. Be3 Ke6
32. Rb1 Rc7 33. a4 Bc3 34. Rb3 Bf6 35. a5 Kd5 36. Kd2 Kc4 37. Kc2 Bd4 0-1

[Event "SWYM"]
[Site "Witley ENG"]
[Date "2001.07.13"]
[Round "1"]
[White "Gladyszev,O"]
[Black "Trent,L"]
[Result "1/2-1/2"]
[WhiteElo "2352"]
[BlackElo "2249"]
[EventDate "2001.07.13"]

1. d4 d5 2. c4 e6 3. Nc3 Be7 4. cxd5 exd5 5. Bf4 c6 6. Qc2 g6 7. e3 Bf5 8.
Qd2 Nf6 9. f3 O-O 10. Nge2 Re8 11. Ng3 Be6 12. Be2 h5 13. Bg5 Nbd7 14. e4
Nf8 15. e5 N6h7 16. Bxe7 Qxe7 17. f4 f5 18. O-O Bf7 19. Rac1 Ne6 20. Bxh5
Qb4 21. Rcd1 gxh5 22. Nxf5 Kh8 23. Nd6 Rf8 24. f5 Ng7 25. Rf3 Ne8 26. a3
Qb6 27. Nxf7+ Rxf7 28. f6 Nexf6 29. exf6 Raf8 30. Na4 Qc7 31. Qh6 Rxf6 32.
Rxf6 Rxf6 33. Qxh5 Qe7 34. Qe5 Qxe5 35. dxe5 Re6 36. Nc5 Rxe5 37. Nxb7 Re2
38. Na5 Rc2 39. b4 Nf6 40. Nb3 Ne4 41. Rc1 Ra2 42. Nd4 Rxa3 43. Nxc6 Kg7
44. Rf1 Ra6 45. Ne7 Nc3 46. Rf3 Ra1+ 47. Kf2 Ra2+ 48. Kg3 Ne4+ 49. Kf4 Rxg2
50. Nxd5 Nf6 51. Nxf6 Kxf6 52. h4 Rb2 53. Kg4+ Kg6 54. Rf4 Rg2+ 55. Kf3 Rb2
56. Ke3 Rb3+ 57. Kd2 Rh3 58. Kc2 Re3 59. Kb2 Re5 60. Rg4+ Kf6 61. Kc2 a5
62. Rg5 axb4 1/2-1/2

[Event "SWYM"]
[Site "Witley ENG"]
[Date "2001.07.13"]
[Round "1"]
[White "Thiruchelvam,M"]
[Black "Sinkevich,P"]
[Result "0-1"]
[WhiteElo "2240"]
[BlackElo "2346"]
[EventDate "2001.07.13"]

1. e4 a6 2. d4 b5 3. a3 Bb7 4. Nc3 e6 5. Nf3 Nf6 6. Bd3 c5 7. dxc5 Bxc5 8.
Bg5 Qc7 9. O-O Nc6 10. Qd2 Nd4 11. Nxd4 Bxd4 12. Nd1 Ng4 13. Qf4 Qxf4 14.
Bxf4 Ke7 15. c3 Be5 16. Bxe5 Nxe5 17. Bc2 Nc4 18. b3 Nb6 19. Bd3 Rhc8 20.
Rc1 d5 21. f3 Rc5 22. Rf2 Rd8 23. Re2 dxe4 24. Bxe4 Bxe4 25. fxe4 Rd3 26.
Kf2 Nd7 27. Re3 Ne5 28. Ke2 Rd7 29. Nf2 Rc8 30. Rd1 Rdc7 31. Rc1 Nc6 32.
Kd2 Nd4 33. Rb1 Nc6 34. Rc1 a5 35. e5 a4 36. b4 Nd4 37. Rd1 Nf5 38. Rh3 h5
39. Ne4 Rc4 40. Nc5 Rd8+ 41. Rd3 Rd5 42. Re1 Rg4 43. Re2 Nh4 44. Rxd5 exd5
45. g3 Nf3+ 46. Kd3 Ng5 47. Re3 g6 48. h4 Ne6 49. Nb7 d4 50. cxd4 Nxd4 51.
Nd6 Nf5 52. Nxf5+ gxf5 53. Rf3 Ke6 54. Re3 Kd5 55. Ke2 Re4 56. Kf3 Kd4 0-1

[Event "SWYM"]
[Site "Witley ENG"]
[Date "2001.07.13"]
[Round "1"]
[White "Skytte,R"]
[Black "Addison,B"]
[Result "1/2-1/2"]
[WhiteElo "2342"]
[BlackElo "2218"]
[EventDate "2001.07.13"]

1. e4 e5 2. Bc4 Nf6 3. Nc3 Nc6 4. d3 Bb4 5. Nge2 d5 6. exd5 Nxd5 7. O-O Be6
8. Bxd5 Bxd5 9. f4 O-O 10. f5 f6 11. Nxd5 Qxd5 12. Ng3 Bc5+ 13. Kh1 Rad8
14. Ne4 Bb6 15. Bd2 Qd7 16. a4 a5 17. Bc3 Bd4 18. Qh5 Bxc3 19. bxc3 b6 20.
Rf3 1/2-1/2

[Event "SWYM"]
[Site "Witley ENG"]
[Date "2001.07.13"]
[Round "1"]
[White "Lappage,J"]
[Black "Palliser,R"]
[Result "0-1"]
[WhiteElo "2208"]
[BlackElo "2337"]
[EventDate "2001.07.13"]

1. e4 c5 2. Nc3 Nc6 3. f4 g6 4. Nf3 Bg7 5. Bb5 Nd4 6. O-O Nxb5 7. Nxb5 d6
8. a4 Nf6 9. d3 O-O 10. Qe1 Bd7 11. Nc3 Bc6 12. Qh4 e6 13. f5 exf5 14. exf5
Nh5 15. Bg5 Bf6 16. Bxf6 Qxf6 17. Qxf6 Nxf6 18. fxg6 hxg6 19. Ne5 dxe5 20.
Rxf6 Kg7 21. Raf1 Rad8 22. b3 Rd4 23. Ne2 Rg4 24. Ng3 Rd4 25. R1f2 Rd7 26.
Nf1 Re8 27. Ne3 e4 28. dxe4 Rxe4 29. Nc4 Bd5 30. Nd2 Re1+ 31. Nf1 Be4 32.
R6f4 f5 33. h4 Rc1 34. c4 Rd3 35. Rb2 Rdd1 36. Rbf2 Bd3 37. R4f3 Rb1 38. g3
b6 39. Rf4 Bxf1 40. Rxf1 Rxf1+ 41. Rxf1 Rxb3 42. Kg2 Rb4 43. a5 Rxc4 44.
Rd1 Rd4 45. Rb1 Rd6 0-1

[Event "SWYM"]
[Site "Witley ENG"]
[Date "2001.07.14"]
[Round "2"]
[White "Palliser,R"]
[Black "Mah,K"]
[Result "0-1"]
[WhiteElo "2337"]
[BlackElo "2404"]
[EventDate "2001.07.13"]

1. e4 e6 2. d4 d5 3. Nc3 Nf6 4. e5 Nfd7 5. Nce2 c5 6. c3 Nc6 7. f4 cxd4 8.
cxd4 Bb4+ 9. Nc3 f6 10. Nf3 O-O 11. h4 fxe5 12. fxe5 Qb6 13. a3 Bxc3+ 14.
bxc3 Ndxe5 15. dxe5 Nxe5 16. Qd4 Rxf3 17. Qxe5 Rf5 18. Qd4 Qd6 19. Be3 Bd7
20. Be2 Rc8 21. Kd2 e5 22. Qb4 Qc7 23. Rac1 Kh8 24. Bxa7 Qc6 25. Rhf1 d4
26. g4 Qh6+ 27. Kc2 Rxc3+ 28. Kb1 Rxf1 29. Rxf1 Qg6+ 30. Ka1 h6 31. Qb2 Rc2
32. Qb1 Be6 33. h5 Qe4 34. Rf8+ Kh7 35. Bf3 Qd3 0-1

[Event "SWYM"]
[Site "Witley ENG"]
[Date "2001.07.14"]
[Round "2"]
[White "Vigus,J"]
[Black "Williams,S"]
[Result "1/2-1/2"]
[WhiteElo "2281"]
[BlackElo "2369"]
[EventDate "2001.07.13"]

1. c4 f5 2. g3 Nf6 3. Bg2 e6 4. Nf3 Be7 5. O-O O-O 6. Nc3 d6 7. Rb1 Qe8 8.
b4 Qh5 9. d4 Nbd7 10. Bb2 Kh8 11. e3 c6 12. Ne2 Ne4 13. c5 Ndf6 14. Nf4 Qh6
15. Qb3 d5 16. Nd3 Ng4 17. Qd1 Ng5 18. Nde5 Nh3+ 19. Bxh3 Qxh3 20. Nxg4
Qxg4 21. Ne5 Qh3 22. a4 Bf6 23. Nd3 Bd7 24. Bc3 a6 25. Nf4 Qh6 26. Qh5 Qxh5
27. Nxh5 g5 28. f3 Bd8 29. g4 Be8 30. Ng3 fxg4 31. fxg4 Rxf1+ 32. Nxf1 Bg6
33. Rb2 Bd3 34. Be1 1/2-1/2

[Event "SWYM"]
[Site "Witley ENG"]
[Date "2001.07.14"]
[Round "2"]
[White "Zhao Zong Yuan"]
[Black "Bromann,T"]
[Result "1/2-1/2"]
[WhiteElo "2390"]
[BlackElo "2321"]
[EventDate "2001.07.13"]

1. e4 e6 2. d4 d5 3. Nc3 Nf6 4. Bg5 Bb4 5. e5 h6 6. Bd2 Bxc3 7. bxc3 Ne4 8.
Qg4 g6 9. Bd3 Nxd2 10. Kxd2 c5 11. Nf3 Bd7 12. dxc5 Qe7 13. Rhb1 Bc6 14.
Ke2 Nd7 15. a4 Nxc5 16. Qb4 O-O 1/2-1/2

[Event "SWYM"]
[Site "Witley ENG"]
[Date "2001.07.14"]
[Round "2"]
[White "Sinkevich,P"]
[Black "Skytte,R"]
[Result "1/2-1/2"]
[WhiteElo "2346"]
[BlackElo "2342"]
[EventDate "2001.07.13"]

1. e4 c6 2. Nc3 d5 3. Nf3 Bg4 4. h3 Bxf3 5. Qxf3 e6 6. g3 Nf6 7. Bg2 Bc5 8.
O-O O-O 9. d3 Nbd7 10. Qe2 Qc7 11. Kh1 dxe4 12. dxe4 e5 13. Bg5 h6 14. Bd2
Rfe8 15. Rae1 Nf8 16. Nd1 Rad8 17. Ne3 Ne6 18. Nf5 Nd4 19. Nxd4 Bxd4 20.
Bc1 Qa5 21. c3 Bb6 22. Qc4 Qb5 23. Qxb5 1/2-1/2

[Event "SWYM"]
[Site "Witley ENG"]
[Date "2001.07.14"]
[Round "2"]
[White "Antal,Ge"]
[Black "Hanley,C"]
[Result "1/2-1/2"]
[WhiteElo "2398"]
[BlackElo "2278"]
[EventDate "2001.07.13"]

1. e4 e6 2. d4 d5 3. Nc3 Nf6 4. Bg5 Be7 5. e5 Nfd7 6. h4 c5 7. Bxe7 Kxe7 8.
f4 Nc6 9. dxc5 Nxc5 10. Qg4 Kf8 11. O-O-O Bd7 12. Nf3 h5 13. Qg5 Qa5 14.
Kb1 Rc8 15. a3 Ne7 16. Bd3 b5 17. Na2 Qa4 18. Nc3 Qa5 19. Na2 Qa4 20. c3
Nxd3 21. Rxd3 Qe4 22. Nc1 Rh6 23. Ka1 Nf5 24. Re1 Qc4 25. Nd4 f6 26. exf6
gxf6 27. Nxf5 fxg5 28. Nxh6 gxf4 29. Rd4 Qc7 30. Nd3 Kg7 31. Rxf4 Kxh6 32.
Rf7 Qd6 33. Ref1 Rg8 34. R1f6+ Rg6 35. Rxd7 Qg3 36. Rff7 Qxh4 37. Nf4 Qe1+
38. Ka2 a5 39. Nxg6 Kxg6 40. Rg7+ Kf6 41. Rdf7+ Ke5 42. Rg5+ Kd6 43. Rxh5
a4 44. Rfh7 Qe2 45. Rh4 Qxg2 46. Rb4 Qe2 47. Ra7 Kc5 48. Ra6 e5 49. Re6 Qe1
50. Rf4 Qd1 51. Rb4 Qe1 52. Re8 Qe2 53. Rd4 Kc6 54. Rh4 Qd1 55. Rb4 Qe2 56.
Ra8 Kc5 57. Ra6 Qd3 58. Rh6 Qd1 59. Rh8 Qe2 60. Rbh4 e4 61. Rc8+ Kd6 62.
Rh6+ Kd7 63. Rf8 Qc4+ 64. Ka1 Qd3 65. Rf7+ 1/2-1/2

[Event "SWYM"]
[Site "Witley ENG"]
[Date "2001.07.14"]
[Round "2"]
[White "Middelburg,T"]
[Black "Hinks Edwards,T"]
[Result "1-0"]
[WhiteElo "2373"]
[BlackElo "2316"]
[EventDate "2001.07.13"]

1. e4 c6 2. d4 d5 3. exd5 cxd5 4. c4 Nf6 5. Nc3 e6 6. Nf3 Be7 7. cxd5 Nxd5
8. Bd3 Nd7 9. Nxd5 exd5 10. Qb3 Nf6 11. Bb5+ Bd7 12. Bxd7+ Qxd7 13. Ne5 Qc8
14. Qb5+ Nd7 15. Be3 a6 16. Qxd5 Nxe5 17. Qxe5 Qc4 18. Rc1 Qb4+ 19. Bd2
Qxb2 20. Qxg7 Rf8 21. Qe5 Rd8 22. Rc7 Rd7 23. Rc8+ Rd8 24. Rxd8+ Kxd8 25.
Ba5+ b6 26. Qb8+ Kd7 27. Qb7+ Ke6 28. O-O 1-0

[Event "SWYM"]
[Site "Witley ENG"]
[Date "2001.07.14"]
[Round "2"]
[White "Addison,B"]
[Black "Gladyszev,O"]
[Result "1/2-1/2"]
[WhiteElo "2218"]
[BlackElo "2352"]
[EventDate "2001.07.13"]

1. d4 Nf6 2. c4 g6 3. Nc3 Bg7 4. e4 d6 5. Bd3 O-O 6. Nge2 Nc6 7. O-O Bd7 8.
f3 e5 9. d5 Nb4 10. Bb1 a5 11. a3 Na6 12. Bc2 Ne8 13. Be3 f5 14. exf5 gxf5
15. f4 e4 16. Qd2 c5 17. dxc6 bxc6 18. Rab1 Be6 19. b3 c5 20. g4 Nf6 21.
gxf5 Bxf5 22. Ng3 Ng4 23. Nd5 Nxe3 24. Nxe3 Bh3 25. Qd5+ Kh8 26. Qxe4 Qh4
27. Nef5 Qg4 28. Nxd6 Bd4+ 29. Kh1 Ra7 30. Nb5 1/2-1/2

[Event "SWYM"]
[Site "Witley ENG"]
[Date "2001.07.14"]
[Round "2"]
[White "Trent,L"]
[Black "Broomfield,M"]
[Result "1-0"]
[WhiteElo "2249"]
[BlackElo "2271"]
[EventDate "2001.07.13"]

1. e4 Nf6 2. e5 Nd5 3. d4 d6 4. c4 Nb6 5. exd6 exd6 6. Nc3 Be7 7. Be3 O-O
8. Bd3 Nc6 9. Nge2 Bf6 10. b3 Re8 11. O-O Bg4 12. Qd2 d5 13. c5 Nc8 14. h3
Bxe2 15. Nxe2 Qd7 16. b4 a6 17. Bc2 N8e7 18. Ng3 g6 19. a3 Nd8 20. Rad1 Ne6
21. f4 Bh4 22. Ne2 f5 23. g3 Bf6 24. Kg2 a5 25. Ra1 Ra7 26. Nc3 Nc6 27. Bb3
Bxd4 28. Nxd5 Kg7 29. b5 Bxe3 30. Qxe3 Ncd4 31. Qe5+ Kh6 32. Nf6 Qxb5 33.
Bxe6 Rxe6 34. Ng8+ Kh5 35. g4+ Kh4 36. Qxd4 Re2+ 37. Rf2 Ra6 38. Qc3 Qc6+
39. Kg1 Qe4 40. Rxe2 Qxe2 41. Re1 1-0

[Event "SWYM"]
[Site "Witley ENG"]
[Date "2001.07.14"]
[Round "2"]
[White "Bick,J"]
[Black "Thiruchelvam,M"]
[Result "1-0"]
[WhiteElo "2286"]
[BlackElo "2240"]
[EventDate "2001.07.13"]

1. d4 Nf6 2. c4 c5 3. d5 b5 4. Nf3 bxc4 5. Nc3 d6 6. e4 g6 7. Bxc4 Bg7 8.
O-O O-O 9. h3 Ba6 10. Bxa6 Nxa6 11. Nd2 Nd7 12. Qe2 Nb4 13. Nc4 Nb6 14. Ne3
Qc8 15. a3 Na6 16. Ng4 h5 17. Nh2 c4 18. Bg5 Re8 19. f4 e6 20. dxe6 fxe6
21. Rad1 d5 22. e5 Nc5 23. Kh1 Rb8 24. Qc2 Kh7 25. Nf3 Nbd7 26. Rd2 Qb7 27.
Nh4 Nf8 28. f5 gxf5 29. Qd1 Qf7 30. Nxd5 Ne4 31. Nf4 Nxg5 32. Nxh5 Ne4 33.
Rd4 Qe7 34. Rxe4 fxe4 35. Qg4 Rb5 36. Nxg7 Qxg7 37. Qh5+ Kg8 38. Qxe8 Rxb2
39. Ng6 Rb1 40. Rxb1 Qxg6 41. Qxg6+ Nxg6 42. Re1 c3 43. Re3 c2 44. Rc3 Nxe5
45. Rxc2 e3 46. Rc3 e2 47. Re3 Nc4 48. Rxe2 Nxa3 49. Rxe6 1-0

[Event "SWYM"]
[Site "Witley ENG"]
[Date "2001.07.14"]
[Round "2"]
[White "Erwich,M"]
[Black "Lappage,J"]
[Result "1-0"]
[WhiteElo "2263"]
[BlackElo "2208"]
[EventDate "2001.07.13"]

1. e4 c5 2. Nf3 d6 3. d4 cxd4 4. Nxd4 Nf6 5. Nc3 a6 6. Be2 e5 7. Nb3 Be7 8.
O-O O-O 9. a4 Be6 10. f4 exf4 11. Bxf4 Nc6 12. Kh1 Rc8 13. Qe1 Ne8 14. Rd1
Bh4 15. Qd2 Bf6 16. Qe3 Be5 17. Rd2 Qe7 18. Nd5 Bxd5 19. exd5 Bxf4 20. Qxe7
Nxe7 21. Rxf4 Nf6 22. Bf3 Rfe8 23. h3 Ng6 24. Rb4 Re7 25. Rb6 Rd7 26. Na5
Rcc7 27. Rd4 Ne5 28. Bd1 Kf8 29. c3 Ke7 30. Be2 h5 31. Kg1 Kd8 32. c4 g6
33. b4 Kc8 34. Nb3 Kb8 35. a5 Ka7 36. Nd2 Rc8 37. Bf3 Ne8 38. Bd1 Rdc7 39.
Ba4 Ng7 40. Bb3 Ne8 41. Ba4 Ng7 42. Rf4 Rd8 43. Rf6 Nf5 44. b5 Re7 45. bxa6
bxa6 46. c5 Rb7 47. Ne4 Rxb6 48. axb6+ Kb7 49. g4 hxg4 50. hxg4 dxc5 51.
Nxc5+ Ka8 52. gxf5 Rxd5 53. Bc6+ Nxc6 54. Rxc6 Kb8 55. b7 Rd8 56. Rxa6 Kc7
57. Ra8 1-0

[Event "SWYM"]
[Site "Witley ENG"]
[Date "2001.07.15"]
[Round "3"]
[White "Mah,K"]
[Black "Sinkevich,P"]
[Result "1/2-1/2"]
[WhiteElo "2404"]
[BlackElo "2346"]
[EventDate "2001.07.13"]

1. d4 d5 2. c4 c6 3. Nf3 Nf6 4. e3 Bf5 5. Nc3 e6 6. Nh4 Bg6 7. Qb3 Qb6 8.
Nxg6 hxg6 9. Bd2 Nbd7 10. Be2 Be7 11. O-O-O Qxb3 12. axb3 O-O-O 13. h3 g5
14. Kc2 Bd6 15. Ra1 Bb8 16. Rhd1 Nb6 17. Be1 Rde8 18. f3 e5 19. dxe5 Rxe5
20. Bf2 Rhe8 21. Bd3 g6 22. Rd2 R5e7 23. g4 Rd8 24. Bf1 Rh8 25. Rc1 Bc7 26.
Kb1 a6 27. Na4 dxc4 28. Nxb6+ Bxb6 29. Bxc4 Nd7 30. Rh1 Ne5 31. Be2 f6 32.
Bd1 Rd7 33. Rxd7 Kxd7 34. h4 gxh4 35. Rxh4 Rxh4 36. Bxh4 g5 37. Bf2 Nd3 38.
Bg1 Nf4 39. exf4 Bxg1 40. fxg5 fxg5 41. Kc2 a5 42. Be2 Kd6 43. Bd3 Ke5 44.
Bf5 Kf4 45. Be4 Bd4 46. Kb1 Ke3 47. Kc2 Ke2 48. Kb1 Kd2 49. Bf5 Bf6 50. Bc8
1/2-1/2

[Event "SWYM"]
[Site "Witley ENG"]
[Date "2001.07.15"]
[Round "3"]
[White "Bromann,T"]
[Black "Middelburg,T"]
[Result "1/2-1/2"]
[WhiteElo "2321"]
[BlackElo "2373"]
[EventDate "2001.07.13"]

1. b3 e5 2. Bb2 Nc6 3. e3 d6 4. Bb5 Bd7 5. Nf3 a6 6. Bxc6 Bxc6 7. O-O Nf6
8. c4 e4 9. Nd4 Bd7 10. d3 exd3 11. Qxd3 g6 12. Nc3 Bg7 13. Rad1 O-O 14. e4
Nh5 15. Nde2 b5 16. Ba1 f5 17. c5 fxe4 18. Qd5+ Kh8 19. cxd6 Nf6 20. dxc7
Qxc7 21. Qd6 Qxd6 22. Rxd6 Bf5 23. h3 Rfd8 24. Rxd8+ Rxd8 25. Rd1 Rxd1+ 26.
Nxd1 b4 27. Ne3 Bd7 28. Bxf6 Bxf6 29. Nd5 Be5 30. Nxb4 Bb5 31. Ng3 a5 32.
Nd5 Bd3 33. Ne3 Kg7 34. Nc4 Bc7 35. Nf1 Kf7 36. Nfd2 Ke6 37. Nb2 Kd5 38.
Nxd3 exd3 39. Nf3 Kc5 40. a3 Bf4 41. Kf1 Bc1 42. Ke1 Bxa3 43. Kd2 Kb4 44.
Nd4 Bb2 45. Nc6+ Kb5 46. Ne7 Ba3 47. Nd5 Kc5 48. Ne7 Kd4 49. Nc6+ Kd5 50.
Nxa5 Bb4+ 51. Kxd3 Bxa5 52. f4 h5 53. Ke3 Ke6 54. Kf3 Kf5 55. g4+ hxg4+ 56.
hxg4+ Kf6 57. Ke4 Bd2 58. f5 g5 59. Kd5 Ba5 60. Kd6 Bb4+ 61. Kd5 Bf8 62.
Kd4 Be7 63. Kd5 Ba3 64. Kd4 Be7 65. Kd5 Bf8 66. Kd4 Ke7 67. Kd5 Kf7 68. Ke5
Bb4 69. Kd5 Bd2 70. Kd6 Be1 71. Ke5 Bd2 72. Kd6 Kf8 73. Kd7 1/2-1/2

[Event "SWYM"]
[Site "Witley ENG"]
[Date "2001.07.15"]
[Round "3"]
[White "Vigus,J"]
[Black "Zhao Zong Yuan"]
[Result "1-0"]
[WhiteElo "2281"]
[BlackElo "2390"]
[EventDate "2001.07.13"]

1. g3 g6 2. Bg2 Bg7 3. c4 Nf6 4. Nc3 O-O 5. Nf3 d6 6. d4 Nbd7 7. O-O e5 8.
Qc2 Re8 9. Rd1 Qe7 10. b3 Nf8 11. e4 Bg4 12. d5 N8d7 13. Bd2 c6 14. Rdc1
Rac8 15. Ne1 cxd5 16. cxd5 Be2 17. Qb2 Ba6 18. Qa3 Nb6 19. Nc2 Nfd7 20. Nb4
Nc5 21. Nxa6 bxa6 22. Bf1 f5 23. f3 Qf8 24. b4 Ncd7 25. Qxa6 Bh6 26. Qd3
Rc4 27. Nb5 Rec8 28. Rxc4 Rxc4 29. Bxh6 Qxh6 30. Qb3 Rc1 31. Rxc1 Qxc1 32.
Nxd6 Nc5 33. bxc5 Qxc5+ 34. Kg2 Qxd6 35. a4 Kg7 36. a5 Nd7 37. Qb7 Kh6 38.
Qxa7 g5 39. Qa6 1-0

[Event "SWYM"]
[Site "Witley ENG"]
[Date "2001.07.15"]
[Round "3"]
[White "Skytte,R"]
[Black "Antal,Ge"]
[Result "1-0"]
[WhiteElo "2342"]
[BlackElo "2398"]
[EventDate "2001.07.13"]

1. b3 d5 2. Bb2 Nf6 3. e3 c5 4. Nf3 e6 5. d4 cxd4 6. exd4 Bd6 7. Bd3 O-O 8.
O-O Nc6 9. Nbd2 Nb4 10. Be2 Qc7 11. a3 Nc6 12. Bd3 b6 13. Re1 Bb7 14. Ne5
h6 15. f4 Rac8 16. Qf3 Ne7 17. Rac1 a6 18. Re2 b5 19. c3 Qb6 20. Qh3 a5 21.
Rf1 b4 22. axb4 axb4 23. c4 dxc4 24. bxc4 Qc7 25. g4 Bxe5 26. fxe5 Nh7 27.
Qh5 Nc6 28. Ne4 Rcd8 29. Nd6 Ng5 30. h4 Nxe5 31. Rxe5 Nf3+ 32. Rxf3 Bxf3
33. Nb5 Qe7 34. Re3 Qf6 35. g5 Bxh5 36. gxf6 Ra8 37. d5 exd5 38. cxd5 Ra2
39. Bd4 Rc8 40. d6 Rc1+ 41. Bf1 Bg4 42. Re8+ 1-0

[Event "SWYM"]
[Site "Witley ENG"]
[Date "2001.07.15"]
[Round "3"]
[White "Gladyszev,O"]
[Black "Erwich,M"]
[Result "1-0"]
[WhiteElo "2352"]
[BlackElo "2263"]
[EventDate "2001.07.13"]

1. d4 Nf6 2. c4 b6 3. Nc3 Bb7 4. Qc2 d5 5. cxd5 Nxd5 6. e4 Nxc3 7. bxc3 e5
8. Nf3 exd4 9. Bc4 Be7 10. cxd4 Bb4+ 11. Ke2 O-O 12. Be3 Qe7 13. e5 Nc6 14.
h4 Rad8 15. Ng5 g6 16. Nxh7 Nxd4+ 17. Bxd4 Rxd4 18. Qxg6+ Kh8 19. Qh5 Kg7
20. Rh3 Be4 21. Nxf8 Qxf8 22. Bd3 Bg6 23. Qg5 Be7 24. Qd2 Bxh4 25. Qc3 c5
26. Rah1 Qe7 27. Bxg6 fxg6 28. Re1 Qe6 29. Kf1 Qxa2 30. g3 Be7 31. Qe3 Qc4+
32. Kg1 Qe6 33. Qh6+ Kf7 34. Qh8 Bf8 35. Rh7+ Ke8 36. Qf6 Rd6 37. Rxa7 1-0

[Event "SWYM"]
[Site "Witley ENG"]
[Date "2001.07.15"]
[Round "3"]
[White "Hanley,C"]
[Black "Addison,B"]
[Result "1/2-1/2"]
[WhiteElo "2278"]
[BlackElo "2218"]
[EventDate "2001.07.13"]

1. c4 e6 2. Nf3 d5 3. b3 Be7 4. Bb2 Bf6 5. Nc3 dxc4 6. bxc4 c5 7. g4 Bd7 8.
Rg1 h6 9. e3 Bc6 10. Be2 Nd7 11. d4 cxd4 12. Nxd4 Qa5 13. Qc2 Ne7 14. O-O-O
Nc5 15. f4 O-O-O 16. Kb1 Kb8 1/2-1/2

[Event "SWYM"]
[Site "Witley ENG"]
[Date "2001.07.15"]
[Round "3"]
[White "Hinks Edwards,T"]
[Black "Bick,J"]
[Result "1-0"]
[WhiteElo "2316"]
[BlackElo "2286"]
[EventDate "2001.07.13"]

1. e4 e5 2. Bc4 Nf6 3. Nf3 Nxe4 4. Nc3 Nc6 5. Nxe4 d5 6. Bd3 dxe4 7. Bxe4
Bd6 8. O-O Bg4 9. h3 Bh5 10. c3 O-O 11. Qb3 Rb8 12. g4 Bg6 13. Bxg6 hxg6
14. d3 Qd7 15. Qc4 Rbe8 16. Be3 Ne7 17. Bg5 Nc8 18. Be3 c6 19. Qe4 b6 20.
Rae1 Bc7 21. Bc1 Re6 22. Ng5 Rd6 23. Rd1 Rd8 24. Be3 c5 25. Qb7 f5 26. gxf5
gxf5 27. Qf3 e4 28. Qg2 Rxd3 29. Rde1 Ne7 30. Kh1 Ng6 31. h4 Nf4 32. Bxf4
Bxf4 33. Rg1 Bxg5 34. Qxg5 Rh3+ 35. Kg2 Rf3 36. Re3 Rxe3 37. fxe3 Rf8 38.
h5 Rf6 39. Kh2 f4 40. Qxf6 Qd2+ 41. Kh1 1-0

[Event "SWYM"]
[Site "Witley ENG"]
[Date "2001.07.15"]
[Round "3"]
[White "Broomfield,M"]
[Black "Lappage,J"]
[Result "0-1"]
[WhiteElo "2271"]
[BlackElo "2208"]
[EventDate "2001.07.13"]

1. Nf3 Nf6 2. c4 g6 3. Nc3 Bg7 4. g3 O-O 5. Bg2 d6 6. d4 Nc6 7. O-O Bf5 8.
d5 Na5 9. Nd4 Bd7 10. b3 c5 11. dxc6 bxc6 12. e4 c5 13. Nc2 Bc6 14. Rb1 Rc8
15. h3 Qd7 16. Bd2 Ba8 17. Nd5 Nc6 18. Be3 Rfd8 19. Qd2 e6 20. Nxf6+ Bxf6
21. Rbd1 Qe7 22. f4 e5 23. Qf2 Rf8 24. f5 g5 25. Bc1 Nd4 26. Ne3 Kg7 27.
Ng4 h6 28. h4 Qd8 29. Be3 Rh8 30. hxg5 hxg5 31. Qd2 Kf8 32. Nxf6 Qxf6 33.
Bxg5 Qg7 34. Rde1 f6 35. Bh4 Qe7 36. Qf2 Kf7 37. Re3 a5 38. Qd2 Qc7 39. Rd3
Bc6 40. Qf2 Qe7 41. Qd2 Qc7 42. Rxd4 exd4 43. Bf3 Rcg8 44. Qf4 Qe7 45. Kf2
Qe5 46. Rh1 Qxf4 47. gxf4 Rh7 48. e5 Bxf3 49. e6+ Ke8 50. Kxf3 Rgh8 51. Kg3
Rh6 52. Kg4 d3 53. Kg3 Rxh4 54. Rd1 Ke7 55. Kf3 Rh2 56. Rxd3 0-1